| 000 -LEADER |
| fixed length control field |
00525nam a22001337a 4500 |
| 020 ## - INTERNATIONAL STANDARD BOOK NUMBER |
| ISBN |
9781602580107 |
| 050 ## - LIBRARY OF CONGRESS CALL NUMBER |
| Classification number |
BS 2601 wha |
| 100 ## - MAIN ENTRY--AUTHOR NAME |
| Personal name |
THATCHER, Tom |
| 245 ## - TITLE STATEMENT |
| Title |
WHAT we have heard from the beginning: the past,present and future of Johannine Studies |
| 260 ## - PUBLICATION, DISTRIBUTION, ETC. (IMPRINT) |
| Place of publication |
Waco,Texas |
| Name of publisher |
Baylor University Press |
| Year of publication |
2007 |
| 300 ## - PHYSICAL DESCRIPTION |
| Number of Pages |
xix,423p.; includes bibliographical references and index |
| 650 ## - SUBJECT ADDED ENTRY--TOPICAL TERM |
| Topical Term |
1. Bible N.T. John- Criticism,interpretation, etc 2. Bible N.T. Epistles of John- Criticism, interpretation, etc. |
| 942 ## - ADDED ENTRY ELEMENTS (KOHA) |
| Koha item type |
Books |